| 000 | 01246nam a22003857a 4500 | ||
|---|---|---|---|
| 001 | 4951538 | ||
| 003 | OSt | ||
| 005 | 20210421074117.0 | ||
| 008 | 960502s1996 ctua b 001 0 eng | ||
| 010 | _a 96143912 | ||
| 020 | _a083853659X | ||
| 040 |
_aeng _cDLC _beng _deng |
||
| 041 | _aeng | ||
| 050 | 0 | 0 |
_aRT67 _b.P56 1996 |
| 080 |
_a616-08 _bP-41 |
||
| 082 | 0 | 0 |
_a613 _220 |
| 100 | 1 |
_aPender, Nola J., _d1941- |
|
| 245 | 1 | 0 |
_aHealth promotion in nursing practice / _cNola J. Pender. _b/ by: Appleton & Lange, |
| 250 | _a3rd edition | ||
| 260 |
_aStamford, Conn. : _bAppleton & Lange, _cc1996. |
||
| 300 |
_axi, 320 p. : _bill. ; _c24 cm. |
||
| 504 | _aIncludes bibliographical references and index. | ||
| 650 | 0 | _aHealth promotion. | |
| 650 | 0 |
_aPatient Care _9285 |
|
| 650 | 0 | _aPreventive health services. | |
| 650 | 0 | _aNursing. | |
| 650 | 2 |
_aHealth Promotion _xnurses' instruction. |
|
| 650 | 2 | _aNursing Care. | |
| 653 | _aპაციენტის მოვლა | ||
| 653 | _aჯანსაღი ცხოვრების წესი | ||
| 700 | 1 | _aPender, Albert R. | |
| 906 |
_a7 _bcbc _corignew _d2 _encip _f19 _gy-gencatlg |
||
| 942 |
_2udc _cBK _e3 |
||
| 999 |
_c711 _d711 |
||